| 000 | 00833nam a22002057a 4500 | ||
|---|---|---|---|
| 999 |
_c11143 _d11143 |
||
| 003 | AR-CdUCM | ||
| 008 | 190403b ||||| |||| 00| 0 spa d | ||
| 040 |
_aMUNICIPALIDAD PROVINCIAL DEL CUSCO _cBIBLIOTECA MUNICIPAL DEL CUSCO |
||
| 082 |
_a726 / _bG37 / 1945 |
||
| 100 |
_aGento Sanz, Benjamin _928339 |
||
| 245 |
_aSan francisco de Lima : _bEstudio histórico y artístico de la iglesia y convento de San Francisco de Lima / |
||
| 260 |
_aLima : _bAguirre, _c1945. |
||
| 300 |
_a374 páginas ; _c24 cm. _bIlustraciones, Fotografías |
||
| 505 | _aContenido : Prologo -- Los artistas y el arte en la Lima colonial -- Origen y fundación y desarrollo del convento de San Francisco de Lima ... | ||
| 650 |
_aHistoria _9136 |
||
| 650 |
_aConvento _928340 |
||
| 650 |
_aSan Francisco _928341 |
||
| 942 |
_2ddc _cLIBROS |
||
| 945 | _arah | ||